Smallholders, householders : (Record no. 14548)

000 -LEADER
fixed length control field 00765pam a2200217 a 4500
020 ## - INTERNATIONAL STANDARD BOOK NUMBER
ISBN 0804720614 (alk. paper) :
020 ## - INTERNATIONAL STANDARD BOOK NUMBER
ISBN 0804721025 (pbk. : alk. paper) :
040 ## - CATALOGING SOURCE
Transcribing agency DLC
082 00 - DEWEY DECIMAL CLASSIFICATION NUMBER
Classification number 630 STA 1993 A052 Or.
100 1# - MAIN ENTRY--AUTHOR NAME
Personal name Netting, Robert McC.
245 10 - TITLE STATEMENT
Title Smallholders, householders :
Remainder of title farm families and the ecology of intensive, sustainable agriculture /
260 ## - PUBLICATION, DISTRIBUTION, ETC. (IMPRINT)
Place of publication Stanford, Calif. :
Name of publisher Stanford University Press,
Year of publication 1993.
300 ## - PHYSICAL DESCRIPTION
Number of Pages xxi, 389 p., [30] p. of plates :
Other physical details ill., map ;
Dimensions 24 cm.
650 #0 - SUBJECT ADDED ENTRY--TOPICAL TERM
Topical Term Traditional farming.
650 #0 - SUBJECT ADDED ENTRY--TOPICAL TERM
Topical Term Agricultural ecology.
650 #0 - SUBJECT ADDED ENTRY--TOPICAL TERM
Topical Term Agriculture
650 #0 - SUBJECT ADDED ENTRY--TOPICAL TERM
Topical Term Sustainable agriculture.
650 #0 - SUBJECT ADDED ENTRY--TOPICAL TERM
Topical Term Family farms.
856 42 - ELECTRONIC LOCATION AND ACCESS
Uniform Resource Identifier http://www.loc.gov/catdir/description/cam025/92020376.html
942 ## - ADDED ENTRY ELEMENTS (KOHA)
Koha item type សៀវភៅភាសាអង់គ្លេស
952 ## - LOCATION AND ITEM INFORMATION (KOHA)
Withdrawn status [LOCAL, KOHA] 0
Holdings
Permanent Location Date acquired Koha item type Lost status Shelving location Barcode Current Location Full call number
Library Block A2017-10-19សៀវភៅភាសាអង់គ្លេស A052A18060Library Block A630 STA 1993 A052 Or.
មជ្ឈមណ្ឌលឯការនៃសាកលវិទ្យាល័យភូមិន្ទកសិកម្មចំការដូង

Powered by Koha